000 00739nam a2200253 a 4500
001 000037236
003 DO-SdBNP
005 20240411074014.0
007 ta
008 120316e2012 dr 001 mdspa d
040 _aDO-SdBNP
_bspa
_cBNPHU
082 4 _222
_a863.5
_bV335g
100 1 _aVásquez Frías, Pastor
_d1967-
_978240
245 1 _aGuanibey /
_cPastor Vásquez.
260 _aSanto Domingo :
_bInPúblicos,
_c2012.
300 _a174 p. ;
_c17 cm.
490 0 _aTierra alta
500 _aIncluye datos biográficos del autor en la solapa del libro.
501 _aCon targetas postales.
650 _aLiteratura Española
_9632
650 4 0 _aCuentos dominicanos
_9176
830 0 _aTierra alta
_963652
942 _2ddc
_cLBS1
999 _c36726
_d36726